50 Największych Miast w Unii Europejskiej na mapie - Statystyki

Ogólne statystyki
  • Ten quiz został rozwiązany 137 razy
    118 od ostatniego zresetowania
  • Średni wynik to 43 z 50
Odpowiedzi na mapie
Odpowiedzi zakodowano w zielono-czerwonej skali na mapie do tego quizu, zgodnie z poniższymi procentami.
 
Statystyki odpowiedzi
Państwo Miasto Populacja % Poprawnych
Niemcy Berlin 3,7 mln
100%
Polska Kraków 800k
100%
Polska Łódź 650k
100%
Hiszpania Madryt 3,2 mln
100%
Polska Warszawa 1,8 mln
100%
Grecja Ateny 3 mln
99%
Francja Paryż 2 mln
99%
Czechy Praga 1,4 mln
99%
Polska Wrocław 670k
99%
Hiszpania Barcelona 1,7 mln
98%
Węgry Budapeszt 1,7 mln
98%
Dania Kopenhaga 1,4 mln
98%
Włochy Rzym 2,7 mln
98%
Austria Wiedeń 2 mln
98%
Litwa Wilno 600k
98%
Niderlandy Amsterdam 1,1 mln
97%
Rumunia Bukareszt 1,7 mln
97%
Finlandia Helsinki 670k
97%
Belgia Bruksela 2 mln
96%
Irlandia Dublin 1,2 mln
96%
Włochy Mediolan 1,3 mln
94%
Łotwa Ryga 600k
94%
Szwecja Sztokholm 1 mln
94%
Niemcy Hamburg 1,7 mln
93%
Niemcy Monachium 1,5 mln
93%
Bułgaria Sofia 1,2 mln
92%
Chorwacja Zagrzeb 660k
90%
Francja Marsylia 860k
89%
Włochy Neapol 900k
89%
Niemcy Dortmund 600k
84%
Grecja Saloniki 800k
82%
Włochy Palermo 620k
80%
Niderlandy Rotterdam 870k
80%
Hiszpania Sewilla 690k
80%
Niemcy Kolonia 1 mln
77%
Włochy Turyn 850k
77%
Hiszpania Walencja 820k
77%
Niemcy Frankfurt 750k
76%
Niemcy Drezno 560k
74%
Niderlandy Haga 850k
72%
Belgia Antwerpia 1 mln
71%
Niemcy Lipsk 610k
71%
Niemcy Brema 590k
67%
Hiszpania Malaga 590k
67%
Niemcy Stuttgart 610k
63%
Szwecja Goteborg 610k
61%
Niemcy Dusseldorf 620k
60%
Hiszpania Saragossa 690k
57%
Niemcy Essen 570k
53%
Włochy Genua 560k
53%
Nie znaleziono quizów pasujących do podanych kryteriów
Rozkład punktacji
Procent ludzi z każdym wynikiem
Percentyl według liczby udzielonych odpowiedzi
Twoja historia wyników
Nie rozwiązałeś tego quizu od ostatniego zresetowania